000 00799nam a2200205Ia 4500
003 OSt
005 20260105102528.0
008 210210b1970 xxu||||| |||| 00| 0 eng d
040 _cAL
041 _aeng
082 _a823.914 BOUB
100 _aPierre Boulle
_9250080
245 _aBridge on the river Kwai
260 _aHong Kong
_b-
_c1970
300 _aiv,108p
520 _aPublished in 1952, The Bridge over the River Kwai (French: Le Pont de la rivière Kwaï) is a celebrated war novel by Pierre Boulle. Based loosely on the construction of the "Death Railway" during World War II, it explores themes of pride, duty, and the absurdity of war through the eyes of British prisoners and their Japanese captors.
690 _aEnglish Fiction
_9250081
906 _a028115
942 _2ddc
_cBK
999 _c79375
_d79375